Imágenes publicitarias : nuevos burgueses /
Guardado en:
| Autor Principal: | |
|---|---|
| Formato: | Libro |
| Publicado: |
Buenos Aires :
Prometeo Libros, 2004.
|
| Materias: | |
| Etiquetas: |
Agregar Etiqueta
Sin Etiquetas, Sea el primero en etiquetar este registro!
|
| LEADER | 01526nam a22003015a 4500 | ||
|---|---|---|---|
| 001 | CEM.cems011659 | ||
| 008 | 130507b2004####ag############000#0#####d | ||
| 005 | 20211006165704.0 | ||
| 003 | CEMS | ||
| 245 | 1 | 0 | |a Imágenes publicitarias : |b nuevos burgueses / |c Compiladora Ana Wortman ; cecilia Arizaga ... [et Al.] |
| 260 | |a Buenos Aires : |b Prometeo Libros, 2004. | ||
| 300 | |a 187 p. | ||
| 505 | 0 | |a Corporaciones trasnacionales y estilos de vida -- Una aproximación a los nuevos intermediarios culturales del campo publicitario / Ana Wortman -- Sobre gustos no hay nada escrito: gusto legítimo y autenticidad en el mercado de la casa / Cecilia Arizaga -- La vuelta al mundo en ochenta bytes. Internet y la lucha hegemónica por el tiempo y el espacio / Sebastián Benítez Larghi -- Juventud y publicidad / Viviana Molinari -- Barrios, moda y después: consumo y transformaciónes urbanas en la ciudad de Buenos Aires / Martín Tessi -- La mujer que se consume o el consumo de la mujer. Procesos ideológicos, imagen e identidad femenina en los 90 / Claudia Uhart | |
| 590 | |a 1349.021 | ||
| 020 | |a 9509217824 | ||
| 100 | 1 | |a Wortman, Ana, comp. | |
| 082 | 0 | 4 | |a 301.153 |
| 653 | |a Sociología | ||
| 653 | |a Publicidad | ||
| 653 | |a Discurso | ||
| 653 | |a Mensaje | ||
| 653 | |a Consumismo | ||
| 653 | |a Medios masivos | ||
| 653 | |a Medios de comunicación | ||
| 653 | |a Comunicación | ||
| 653 | |a Sociología de la cultura | ||
| 653 | |a Biblioteca TC | ||
| 859 | |a CEMS |b BIB. CEMS - 11 de abril |h 301.153 |i W899 |p 22622.04 |t Ej.1 | ||
